Normal view MARC view
  • Prudential Real Estate Investors

Entry Corporate Name

Number of records used in: 1

001 - CONTROL NUMBER

  • control field: 5755

003 - CONTROL NUMBER IDENTIFIER

  • control field: SIRSI

005 - DATE AND TIME OF LATEST TRANSACTION

  • control field: 20190806150245.0

008 - FIXED-LENGTH DATA ELEMENTS

  • fixed length control field: 090622n| aaannaabn |n ana d

040 ## - CATALOGING SOURCE

  • Original cataloging agency: OSt
  • Transcribing agency: OSt

110 2# - HEADING--CORPORATE NAME

  • Corporate name or jurisdiction name as entry element: Prudential Real Estate Investors

670 ## - SOURCE DATA FOUND

  • Source citation: U.S.Quarterly Market Perspective, 2009